|
|
|
|
| LEADER |
00000nam a2200000 a 4500 |
| 001 |
vtls008398861 |
| 003 |
SK-MaSNL |
| 005 |
20260301021104.0 |
| 008 |
181118s1939 xo slo |
| 015 |
|
|
|a SKSNBA19191938-011916
|
| 035 |
|
|
|a SK01SNKBSKHR20010091078
|
| 035 |
|
|
|a SKM000093541
|
| 040 |
|
|
|a SNK
|b slo
|c SNK
|e AACR2
|
| 041 |
1 |
|
|a slo
|
| 044 |
|
|
|a xo
|c SK
|
| 080 |
|
|
|a 06
|2 1981
|
| 080 |
|
|
|a 78.087
|2 1981
|
| 245 |
1 |
0 |
|a Stanovy Sväzu slovenských speváckych sborov pod protektorátom Matice slovenskej v Turč. Sv. Martine (SSSS)
|
| 260 |
|
|
|a [Martin]
|b n. vl.
|c [1939]
|e [Martin]
|f Nová kníhtlačiareň
|
| 300 |
|
|
|a 12 s.
|c 8°
|
| 650 |
0 |
7 |
|a spevácke zbory
|2 SNKPH
|9 3197
|
| 655 |
|
7 |
|a knihy
|2 SNKPH
|9 307098
|
| 655 |
|
7 |
|a stanovy
|2 SNKPH
|9 70547
|
| 852 |
|
|
|a Slovenská národná knižnica v Martine
|b 10000
|h MS SD 14128
|
| 958 |
|
|
|a OND
|
| 958 |
|
|
|a RK
|
| 958 |
|
|
|a TL
|
| 999 |
|
|
|c 564562
|d 566492
|
| 952 |
|
|
|a SNK
|b SNK
|y PREZ
|7 0
|p 17A0512222
|o snkSD 14128
|i snk8746/57
|0 0
|1 0
|4 0
|d 2006-06-17
|l 0
|r 2025-11-27 00:00:00
|w 2026-02-23
|